000 00983nam a22002297a 4500
008 230623s2022 xxk|||||o|||| 00| 0 eng d
041 _aeng
110 _aRoyal Institution of Chartered Surveyors
245 _aBuying a Home
_b: a clear impartial guide
_h[Electronic resource]
260 _aLondon,
_bRoyal Institution of Chartered Surveyors,
_cJanuary 2022
300 _a21p.
490 _aRICS Consumer guide
520 _aHelp on choosing a property, financing, moving costs checklist, specialist advice available from RICS members. This is for England, Wales and Northern Ireland, see the separate guide for buying a home in Scotland
650 _aRESIDENTIAL PROPERTY
651 _aENGLAND
651 _aNORTHERN IRELAND
651 _aWALES
690 _96266
_aResidential property
710 _aRoyal Institution of Chartered Surveyors
856 _uhttps://www.ricsfirms.com/media/1182/buying-a-home_rics-consumer-guide-2022.pdf
_zAvailable online
942 _n0
999 _c121551
_d121551